|
|
|
|
| LEADER |
00000cam a22000004a 4500 |
| 001 |
musev2_4733 |
| 003 |
MdBmJHUP |
| 005 |
20230905040555.0 |
| 006 |
m o d |
| 007 |
cr||||||||nn|n |
| 008 |
030716s2003 nyu o 00 0 eng d |
| 010 |
|
|
|z 2003058124
|
| 020 |
|
|
|a 9780791486092
|
| 020 |
|
|
|z 0791458814
|
| 020 |
|
|
|z 9780791458815
|
| 035 |
|
|
|a (OCoLC)56418905
|
| 040 |
|
|
|a MdBmJHUP
|c MdBmJHUP
|
| 050 |
0 |
4 |
|a Q175
|b .B566 2003
|
| 082 |
0 |
|
|a 501
|2 22
|
| 100 |
1 |
|
|a Bjelić, Dušan I.
|
| 245 |
1 |
0 |
|a Galileo's Pendulum :
|b Science, Sexuality, and the Body-Instrument Link /
|c Dušan I. Bjelić.
|
| 264 |
|
1 |
|a Albany :
|b State University of New York Press,
|c 2003.
|
| 264 |
|
3 |
|a Baltimore, Md. :
|b Project MUSE,
|c 2012
|
| 264 |
|
4 |
|c ©2003.
|
| 300 |
|
|
|a 1 online resource (221 pages):
|b ill. ;
|
| 336 |
|
|
|a text
|b txt
|2 rdacontent
|
| 337 |
|
|
|a computer
|b c
|2 rdamedia
|
| 338 |
|
|
|a online resource
|b cr
|2 rdacarrier
|
| 504 |
|
|
|a Includes bibliographical references (p. 161-198) and index.
|
| 588 |
|
|
|a Description based on print version record.
|
| 650 |
|
0 |
|a Pendulum.
|
| 650 |
|
0 |
|a Ethnomethodology.
|
| 650 |
|
0 |
|a Science
|x Methodology.
|
| 600 |
1 |
0 |
|a Galilei, Galileo,
|d 1564-1642.
|
| 655 |
|
7 |
|a Electronic books.
|2 local
|
| 710 |
2 |
|
|a Project Muse.
|e distributor
|
| 830 |
|
0 |
|a Book collections on Project MUSE.
|
| 856 |
4 |
0 |
|z Texto completo
|u https://projectmuse.uam.elogim.com/book/4733/
|
| 945 |
|
|
|a Project MUSE - Custom Collection
|
| 945 |
|
|
|a Project MUSE - Archive Complete Foundation
|
| 945 |
|
|
|a Project MUSE - Archive Global Cultural Studies Foundation
|